书目信息 |
| 题名: |
农产品加工贮藏技术研究
|
|
| 作者: | 张正科 著 | |
| 分册: | ||
| 出版信息: | 长春 吉林大学出版社 2017.09 |
|
| 页数: | 310页 | |
| 开本: | 24cm | |
| 丛书名: | ||
| 单 册: | ||
| 中图分类: | S377 , S37 | |
| 科图分类: | ||
| 主题词: | 农产品加工 , 农产品--贮藏 | |
| 电子资源: | ||
| ISBN: | 978-7-5692-0928-0 | |
| 000 | 00811nam0 2200241 450 | |
| 001 | 5528 | |
| 005 | 20181016105036.47 | |
| 010 | @a978-7-5692-0928-0@dCNY70.00 | |
| 100 | @a20180714d2017 em y0chiy50 ea | |
| 101 | 0 | @achi |
| 102 | @aCN@b220000 | |
| 105 | @ay z 000yy | |
| 200 | 1 | @a农产品加工贮藏技术研究@9nong chan pin jia gong zhu cang ji shu yan jiu@f张正科著 |
| 210 | @a长春@c吉林大学出版社@d2017.09 | |
| 215 | @a310页@d24cm | |
| 330 | @a本书共分十章,主要内容包括:农产品的品质;农产品贮藏的基本原理;农产品加工的基本知识;农产品的贮藏方法;常见粮油的贮藏技术;常见果蔬贮藏技术;粮油的加工技术等。 | |
| 606 | 0 | @a农产品加工 |
| 606 | 0 | @a农产品@x贮藏 |
| 690 | @aS377@v5 | |
| 690 | @aS37@v4 | |
| 701 | 0 | @a张正科@9zhang zheng ke@4著 |
| 801 | 0 | @aCN@b91MARC@c20180714 |
| 905 | @aMuseLib@dS37@e57 | |
| 农产品加工贮藏技术研究/张正科著.-长春:吉林大学出版社,2017.09 |
| 310页;24cm |
| ISBN 978-7-5692-0928-0:CNY70.00 |
| 本书共分十章,主要内容包括:农产品的品质;农产品贮藏的基本原理;农产品加工的基本知识;农产品的贮藏方法;常见粮油的贮藏技术;常见果蔬贮藏技术;粮油的加工技术等。 |
| ● |
| 相关链接 |
|
|
|
|
正题名:农产品加工贮藏技术研究
索取号:S37/57
 
预约/预借
| 序号 | 登录号 | 条形码 | 馆藏地/架位号 | 状态 | 备注 |
| 1 | 1130150 | 211301508 | 第二样本阅览室/ [索取号:S37/57] | 在馆 | |
| 2 | 1130151 | 211301517 | 密集书库-生命科学系/ [索取号:S37/57] | 在馆 | |
| 3 | 1130152 | 211301526 | 第三借阅区/ [索取号:S37/57] | 在馆 | |
| 4 | 1130153 | 211301535 | 第三借阅区/ [索取号:S37/57] | 在馆 | |
| 5 | 1130154 | 211301544 | 第三借阅区/ [索取号:S37/57] | 在馆 |